Statistiques concernant Traduction mot et expression Croate

Cliquez ici pour prendre le quiz!

Statistiques générales

  • Ce quiz a été pris 127 fois
    (102 depuis la dernière actualisation)
  • Le résultat moyen est 7 sur 30

Statistiques - réponses

FrançaisCroate% Correct
OuiDa
100%
DixDeset
100%
Bonjour (le matin)Dobro jutro
100%
DeuxDva
100%
MerciHvala
100%
Je suisJa sam
100%
UnJedan
100%
Comment ?Kako
100%
CaféKava
100%
PainKruh
100%
AvecSa
100%
70Sedamdeset
100%
TroisTri
100%
VoitureAuto
67%
FrancaisFrancuz
67%
S'il vous plaitMolim vas
67%
Dix-huitOsamnaest
67%
QuinzePetnaest
67%
Tu esTi si
67%
BanqueBanka
50%
QuatreČetiri
50%
QuaranteČetrdeset
50%
NoirCrno
50%
OnzeJedanaest
50%
Je ne parle pas CroateNe govorim hrvatski
50%
RienNišta
50%
CinqPet
50%
Jus de fruitSok
50%
Qui ?Tko
50%
EauVoda
50%
Oui, un peu.Da, malo
40%
VingtDvadeset
40%
FrèreBrata
33%
Quel est le prix ?Koliko košta
33%
Non
33%
HuitOsam
33%
SixŠest
33%
SansBez
25%
BlancBijelo
25%
PardonOprostité
25%
CinquantePedeset
25%
Dix-septSedamnaest
25%
TableStol
25%
ChaiseStolica
25%
VinVino
25%
QuatorzeČetrnaest
20%
VéloBicikl
0%
SalutBog
0%
BateauBrod
0%
JeudiČetvrtak
0%
RougeCrveno
0%
DroiteDesno
0%
90Devedeset
0%
NeufDevet
0%
Dix-neufDevetnaest
0%
Bonjour (après-midi)Dobar dan
0%
BonsoirDobra večer
0%
Au revoirDo viđenja
0%
EnchantéDrago mi je
0%
LongDugo
0%
DouzeDvanaest
0%
Ou ?Gdje
0%
Ou sont les toilettes ?Godye yé klozet ?
0%
MadameGospođa
0%
MademoiselleGospođica
0%
MonsieurGospodin
0%
BoeufGovedina
0%
Vous parlez anglais ?Govoriš li engleski ?
0%
J'aiJa imam
0%
Je m'appelleJa se zovem
0%
MenuJelovnik
0%
Quand ?Kada
0%
MaisonKuća
0%
GaucheLijevo
0%
ViandeMeso
0%
Nous avonsMi imamo
0%
Nous sommesMi smo
0%
Nous sommes en vacanceNa odmoru smo
0%
DimancheNedjelja
0%
Je ne comprends pasNe razumijem
0%
ArgentNovac
0%
Elle aOna ima
0%
Elles ontOne imaju
0%
Ils sontOni su
0%
Il estOn je
0%
DangerOpasnost
0%
80Osamdeset
0%
VendrediPetak
0%
500Petsto
0%
PouletPiletina
0%
BièrePivo
0%
FritePomfrit
0%
LundiPonedjelak
0%
LégumesPovrće
0%
RestaurantRestoran
0%
PoissonRiba
0%
RizRiža
0%
SeptSedam
0%
SeizeŠesnaest
0%
60Šezdeset
0%
FilsSin
0%
FromageSir
0%
GlaceSladoled
0%
MercrediSrijeda
0%
100Sto
0%
Quoi ?Što
0%
SamediSubota
0%
FemmeSupruga
0%
PorcSvinjetina
0%
Tu asTi imaš
0%
1000Tiscuću
0%
PateTjestenina
0%
C'est trop cherTo je preskupo
0%
TrenteTrideset
0%
TreizeTrinaest
0%
MardiUtorak
0%
Vous avezVi imate
0%
Vous êtesVi sté
0%
Pourquoi ?Zašto
0%
AvionZrakoplov
0%

Distribution des résultats

Percentile par nombre de réponses

% des personnes avec chaque résultat

Votre développement - résultats

Vous n’avez pas pris ce quiz depuis la dernière actualisation